The application of information technology in the management of construction (Record no. 104960)

MARC details
000 -LEADER
fixed length control field 00870cam a2200205 4500
001 - CONTROL NUMBER
control field ##L132007
008 - FIXED-LENGTH DATA ELEMENTS--GENERAL INFORMATION
fixed length control field 051220n2001 000 0 eng u
035 ## - SYSTEM CONTROL NUMBER
System control number (Sirsi) u132007
041 0# - LANGUAGE CODE
Language code of text/sound track or separate title eng
050 04 - LIBRARY OF CONGRESS CALL NUMBER
Classification number 690.0285425 $2 18
100 1# - MAIN ENTRY--PERSONAL NAME
Personal name Alshawi, Mustafa
245 04 - TITLE STATEMENT
Title The application of information technology in the management of construction
260 ## - PUBLICATION, DISTRIBUTION, ETC.
Place of publication, distribution, etc. London
Name of publisher, distributor, etc. RICS
Date of publication, distribution, etc. 2001
520 ## - SUMMARY, ETC.
Summary, etc. One of the main challenges facing the construction industry is how to improve the efficiency of the construction management process. This paper looks at the latest research which assesses the contribution that the effective use of information technology can make to meeting that challenge.
520 ## - SUMMARY, ETC.
Summary, etc. This item is no longer available.
690 ## - LOCAL SUBJECT ADDED ENTRY--TOPICAL TERM (OCLC, RLIN)
Topical term or geographic name as entry element Construction management
9 (RLIN) 6230
700 1# - ADDED ENTRY--PERSONAL NAME
Personal name Underwood, Jason
710 2# - ADDED ENTRY--CORPORATE NAME
Corporate name or jurisdiction name as entry element Norwest Holt Ltd
9 (RLIN) 4854
942 ## - ADDED ENTRY ELEMENTS (KOHA)
Suppress in OPAC 0
Holdings
Withdrawn status Lost status Source of classification or shelving scheme Damaged status Not for loan Home library Current library Shelving location Date acquired Total Checkouts Full call number Barcode Date last seen Copy number Price effective from Koha item type
    Dewey Decimal Classification     Virtual Virtual Online 20/12/2005   ONLINE PUBLICATION 132007-1001 06/08/2019 1 06/08/2019 Book